000 00701nam a2200181Ia 4500
008 090201s9999 xx 000 0 und d
010 _aKPL-68310
040 _bमराठी
041 _aमराठी
082 _a46822
_b68310
100 _aचेस जेम्स हॅडली/ अनु.हुद्दार मधुकर
245 _aबॉटल नेक मर्डर
_cचेस जेम्स हॅडली/ अनु.हुद्दार मधुकर
250 _a1
260 _c2005
_bनंदादीप बुक सर्व्हिसेस्
300 _a192
_bमोठा
600 _aबॉटल नेक मर्डर
942 _cBOOK
999 _c243584
_d243584